[Event "Asian Open Men"]
[Site "Ho Chi Minh"]
[Date "2012.05.10"]
[Round "6"]
[Board "13"]
[White "Wan, Yunguo"]
[Black "Zhao, Jun"]
[Result "1-0"]
[WhiteElo "2456"]
[BlackElo "2577"]
[PlyCount "125"]
[EventDate "2012.05.05"]
[EventRounds "9"]
[EventCountry "VIE"]

1. e4 c5 2. Nf3 d6 3. d4 cxd4 4. Nxd4 Nf6 5. Nc3 a6 6. Bc4 e6 7. Bb3 Nbd7 8.
Bg5 Qa5 9. Qd2 Be7 10. O-O-O Nc5 11. Rhe1 Qc7 12. f4 h6 13. Bxf6 Bxf6 14. Kb1
O-O 15. g4 b5 16. g5 hxg5 17. fxg5 Be5 18. Qf2 b4 19. Na4 Bd7 20. Nxc5 Qxc5 21.
Rf1 g6 22. Rd3 Bxd4 23. Rxd4 Bb5 24. Rfd1 Qxg5 25. Rxd6 Qe5 26. Qg3 Qxg3 27.
hxg3 Rfc8 28. a4 bxa3 29. bxa3 Rc5 30. a4 Be2 31. R1d4 Re5 32. Bc4 Rb8+ 33. Kc1
Bxc4 34. Rxc4 a5 35. Kd2 Rg5 36. Rd3 Rb7 37. Ke2 Kg7 38. Kf3 Rh5 39. Rb3 Rxb3+
40. cxb3 Kf6 41. Rc7 Rh1 42. Rc5 Rb1 43. Rb5 Rc1 44. Rxa5 Rc3+ 45. Kf4 Rxb3 46.
g4 g5+ 47. Rxg5 Ra3 48. a5 Ra1 49. Rb5 Ra3 50. Rc5 Rb3 51. g5+ Kg6 52. Ke5 Kxg5
53. Kd6+ Kg6 54. Kc6 f5 55. exf5+ exf5 56. a6 Ra3 57. Kb6 Kg5 58. Ra5 Rb3+ 59.
Kc7 Rc3+ 60. Kd7 Rd3+ 61. Ke7 Re3+ 62. Kf7 Rh3 63. a7 1-0

[Event "Asian Open Men"]
[Site "Ho Chi Minh"]
[Date "2012.05.10"]
[Round "6"]
[Board "14"]
[White "Sethuraman, S P"]
[Black "Yu, Ruiyuan"]
[Result "0-1"]
[WhiteElo "2546"]
[BlackElo "2511"]
[PlyCount "126"]
[EventDate "2012.05.05"]
[EventRounds "9"]
[EventCountry "VIE"]

1. e4 c6 2. d4 d5 3. Nc3 dxe4 4. Nxe4 Bf5 5. Ng3 Bg6 6. h4 h6 7. Nf3 Nd7 8. h5
Bh7 9. Bd3 Bxd3 10. Qxd3 e6 11. Bd2 Qc7 12. O-O-O O-O-O 13. Ne4 Ngf6 14. g3
Nxe4 15. Qxe4 Nf6 16. Qe2 Bd6 17. c4 c5 18. Bc3 cxd4 19. Nxd4 a6 20. Kb1 Rd7
21. Rc1 Kb8 22. Nb3 Qc6 23. Rh4 Rhd8 24. c5 Bc7 25. Rc4 Rd3 26. Nd4 Qe4 27.
Qxe4 Nxe4 28. Kc2 Nxf2 29. Rf1 Bxg3 30. Ne2 Nd1 31. Rxd1 Rxd1 32. Nxg3 f6 33.
Rg4 R8d7 34. Ne2 e5 35. Rg2 Rf1 36. Ng3 Rf4 37. Re2 Kc7 38. Rxe5 Kc6 39. Re8
Kxc5 40. Bd2 Rc4+ 41. Bc3 Rg4 42. Ne2 Rh4 43. Ng3 Rh2+ 44. Kb3 Rh3 45. Rc8+ Kd6
46. Ne4+ Kd5 47. Nc5 Re7 48. Kb4 Rhe3 49. Na4 f5 50. Nb6+ Ke6 51. Kc5 Rd3 52.
Bd4 f4 53. Nd5 Rf7 54. Re8+ Kf5 55. Ne7+ Kg5 56. Kc4 Rd1 57. Nd5 Kxh5 58. Re5+
Kg4 59. b4 h5 60. Nc3 Rc1 61. Kd3 Rd7 62. Re4 h4 63. Ne2 Rf1 0-1

[Event "Asian Open Men"]
[Site "Ho Chi Minh"]
[Date "2012.05.10"]
[Round "6"]
[Board "15"]
[White "Gopal, G N"]
[Black "Nguyen, Anh Dung"]
[Result "1/2-1/2"]
[WhiteElo "2562"]
[BlackElo "2440"]
[PlyCount "60"]
[EventDate "2012.05.05"]
[EventRounds "9"]
[EventCountry "VIE"]

1. e4 e5 2. Nf3 Nc6 3. Bb5 a6 4. Ba4 Nf6 5. O-O Be7 6. d3 b5 7. Bb3 d6 8. a4
Rb8 9. Nbd2 O-O 10. c3 h6 11. Re1 Re8 12. Nf1 Bf8 13. Ng3 b4 14. a5 bxc3 15.
bxc3 Be6 16. Ba4 Bd7 17. h3 Ne7 18. Bc2 c5 19. d4 Nc6 20. dxc5 dxc5 21. Ba4 Qc7
22. Be3 Re6 23. Bb3 Ree8 24. Ba4 Re6 25. Re2 Bc8 26. Bxc6 Rxc6 27. Rd2 Be6 28.
Nh4 g6 29. Nf3 Kh7 30. Nh2 Bg7 1/2-1/2

[Event "Asian Open Men"]
[Site "Ho Chi Minh"]
[Date "2012.05.10"]
[Round "6"]
[Board "16"]
[White "Lou, Yiping"]
[Black "Wen, Yang"]
[Result "0-1"]
[WhiteElo "2428"]
[BlackElo "2550"]
[PlyCount "56"]
[EventDate "2012.05.05"]
[EventRounds "9"]
[EventCountry "VIE"]

1. d4 Nf6 2. c4 g6 3. Nc3 Bg7 4. e4 O-O 5. Be3 d6 6. f3 e5 7. d5 Nh5 8. Qd2 f5
9. O-O-O Nd7 10. exf5 gxf5 11. Nh3 Nc5 12. Kb1 Bd7 13. Rg1 a5 14. g4 fxg4 15.
fxg4 Nf4 16. Bxc5 dxc5 17. Nf2 Qh4 18. Nce4 Be8 19. Ka1 Bg6 20. Qe3 Rad8 21.
Qg3 Qxg3 22. hxg3 Ne6 23. dxe6 Rxd1+ 24. Nxd1 Bxe4 25. Bh3 Bd3 26. Ne3 Rf2 27.
g5 e4 28. Nd1 Rc2 0-1

[Event "Asian Open Men"]
[Site "Ho Chi Minh"]
[Date "2012.05.10"]
[Round "6"]
[Board "18"]
[White "Gundavaa, Bayarsaikhan"]
[Black "Novita, Anjas"]
[Result "1-0"]
[WhiteElo "2516"]
[BlackElo "2304"]
[PlyCount "75"]
[EventDate "2012.05.05"]
[EventRounds "9"]
[EventCountry "VIE"]

1. d4 Nc6 2. c4 e5 3. d5 Nce7 4. Nc3 d6 5. e4 g6 6. Bd3 Bg7 7. g4 Nf6 8. h3 h5
9. g5 Nd7 10. Be3 O-O 11. Qd2 Nc5 12. Bc2 a6 13. Nge2 b6 14. O-O-O b5 15. b4
Nd7 16. cxb5 axb5 17. Bd3 Ba6 18. Bxb5 Bxb5 19. Nxb5 Qb8 20. Nec3 Nb6 21. Bxb6
Qxb6 22. Qe3 Qb7 23. Rd2 c6 24. dxc6 Nxc6 25. Rb2 Nd4 26. Qd3 Qa6 27. Rd1 Rfc8
28. Kb1 Nxb5 29. Nxb5 Qb6 30. Qd5 Rc6 31. Rdd2 Bf8 32. Rbc2 Rxc2 33. Rxc2 Rb8
34. a4 Qa6 35. Rc7 Be7 36. Rxe7 Rf8 37. a5 Kg7 38. Qb7 1-0

[Event "Asian Open Men"]
[Site "Ho Chi Minh"]
[Date "2012.05.10"]
[Round "6"]
[Board "19"]
[White "Nezad, Husein Aziz"]
[Black "Cao, Sang"]
[Result "1/2-1/2"]
[WhiteElo "2393"]
[BlackElo "2513"]
[PlyCount "65"]
[EventDate "2012.05.05"]
[EventRounds "9"]
[EventCountry "VIE"]

1. d4 Nf6 2. c4 e6 3. Nc3 Bb4 4. Qc2 O-O 5. a3 Bxc3+ 6. Qxc3 b6 7. Bg5 h6 8.
Bh4 Ba6 9. Nf3 d6 10. Nd2 Nbd7 11. e4 c5 12. dxc5 bxc5 13. Bd3 Rb8 14. b4 Nxe4
15. Bxd8 Nxc3 16. Be7 d5 17. Bxf8 Kxf8 18. h4 dxc4 19. Bxc4 Bxc4 20. Nxc4 cxb4
21. Rh3 Nd5 22. axb4 Rxb4 23. Rxa7 Nc5 24. Nd2 Rd4 25. Rf3 Nd3+ 26. Kf1 Ne5 27.
Rb3 g5 28. Nf3 Nxf3 29. Rxf3 Nf4 30. Kg1 Ne2+ 31. Kf1 Nf4 32. Kg1 Ne2+ 33. Kf1
1/2-1/2

[Event "Asian Open Men"]
[Site "Ho Chi Minh"]
[Date "2012.05.10"]
[Round "6"]
[Board "20"]
[White "Nguyen, Duc Hoa"]
[Black "Tu, Hoang Thong"]
[Result "1/2-1/2"]
[WhiteElo "2496"]
[BlackElo "2434"]
[PlyCount "148"]
[EventDate "2012.05.05"]
[EventRounds "9"]
[EventCountry "VIE"]

1. d4 e6 2. c4 f5 3. g3 Nf6 4. Bg2 d5 5. Nf3 c6 6. O-O Bd6 7. b3 Qe7 8. Bb2 b6
9. Nbd2 Bb7 10. Ne5 O-O 11. Rc1 a5 12. cxd5 cxd5 13. Nb1 Nbd7 14. Nc6 Qf7 15.
Ba3 Bxa3 16. Nxa3 Ba6 17. Rc2 Rfc8 18. Qd2 Qf8 19. Nb1 Nc5 20. dxc5 Rxc6 21.
cxb6 Rxc2 22. Qxc2 Rc8 23. Qb2 Qc5 24. Bf3 Nd7 25. Rd1 Nxb6 26. Qe5 Qc6 27. Nc3
Nd7 28. Qe3 Nf6 29. Na4 Kf7 30. Nb2 Qc5 31. Qd2 Qc3 32. Nc4 Qxd2 33. Ne5+ Ke7
34. Rxd2 Rc1+ 35. Kg2 g5 36. g4 fxg4 37. Nxg4 Nh5 38. e3 Bf1+ 39. Kg1 Be2+ 40.
Kg2 Bf1+ 41. Kg1 Bh3+ 42. Rd1 Rc2 43. Ne5 Nf6 44. a3 Ne4 45. Bxe4 dxe4 46. Rb1
Rc3 47. b4 a4 48. Ra1 h6 49. Kh1 Kd6 50. Nf7+ Kd5 51. Nd8 Rc2 52. Rb1 Rc3 53.
Ra1 Kc4 54. Nb7 Rc2 55. Nc5 Rxf2 56. Rc1+ Kd5 57. Nxa4 Ke5 58. b5 Kd6 59. b6
Rf1+ 60. Rxf1 Bxf1 61. Nc5 Bc4 62. Kg2 Bd5 63. b7 Kc7 64. h4 gxh4 65. Kh3 Bxb7
66. Nxb7 Kxb7 67. Kxh4 Kb6 68. Kh5 Kb5 69. Kxh6 Kc4 70. a4 Kb4 71. Kg5 Kxa4 72.
Kf6 Kb5 73. Kxe6 Kc6 74. Ke5 Kd7 1/2-1/2

[Event "Asian Open Men"]
[Site "Ho Chi Minh"]
[Date "2012.05.10"]
[Round "6"]
[Board "22"]
[White "Pitra, Andika"]
[Black "Wang, Chen"]
[Result "0-1"]
[WhiteElo "2327"]
[BlackElo "2482"]
[PlyCount "70"]
[EventDate "2012.05.05"]
[EventRounds "9"]
[EventCountry "VIE"]

1. e4 c5 2. c3 d5 3. exd5 Qxd5 4. d4 Nc6 5. Nf3 e6 6. Be3 cxd4 7. cxd4 Nf6 8.
Nc3 Qd6 9. Bd3 Be7 10. O-O O-O 11. a3 a6 12. Rc1 Rd8 13. Re1 Bd7 14. Bb1 Be8
15. Qd3 g6 16. Rcd1 b5 17. Bg5 b4 18. Ne4 Nxe4 19. Qxe4 Bxg5 20. Nxg5 h6 21.
Nf3 bxa3 22. bxa3 Qxa3 23. Qf4 Kg7 24. h4 Qd6 25. Qe3 h5 26. Be4 Rac8 27. Ng5
Ne7 28. Bb7 Nf5 29. Qh3 Rb8 30. Be4 Nxd4 31. Bxg6 Kxg6 32. Ne4 Qf4 33. Rd3 Ne2+
34. Kf1 Qxe4 35. Re3 Qg4 0-1

[Event "Asian Open Men"]
[Site "Ho Chi Minh"]
[Date "2012.05.10"]
[Round "6"]
[Board "23"]
[White "Le, Quang Long"]
[Black "Laylo, Darwin"]
[Result "1-0"]
[WhiteElo "2351"]
[BlackElo "2502"]
[PlyCount "67"]
[EventDate "2012.05.05"]
[EventRounds "9"]
[EventCountry "VIE"]

1. c4 Nf6 2. Nf3 g6 3. Nc3 d5 4. cxd5 Nxd5 5. Qb3 Nb6 6. d4 Bg7 7. Bf4 O-O 8.
e3 Be6 9. Qa3 Nc6 10. Be2 Nd5 11. Nxd5 Bxd5 12. O-O a6 13. Rac1 Rc8 14. Rfd1
Qd7 15. h3 h6 16. Ne5 Qe6 17. Nxc6 Bxc6 18. Bc4 Qf6 19. Qc5 Rfd8 20. Bxa6 Bxg2
21. Kxg2 Qxa6 22. Qxe7 c5 23. dxc5 Re8 24. Qd7 g5 25. Bg3 Bxb2 26. Rb1 Qxa2 27.
Qd2 Rxc5 28. Qxb2 Qe6 29. Qxb7 h5 30. Rb6 Qf5 31. Qf3 Qc2 32. Rd5 h4 33. Rb7
Rf8 34. Bd6 1-0

[Event "Asian Open Men"]
[Site "Ho Chi Minh"]
[Date "2012.05.10"]
[Round "6"]
[Board "24"]
[White "Narayanan, Srinath"]
[Black "Kuderinov, Kirill"]
[Result "1/2-1/2"]
[WhiteElo "2383"]
[BlackElo "2493"]
[PlyCount "106"]
[EventDate "2012.05.05"]
[EventRounds "9"]
[EventCountry "VIE"]

1. e4 e5 2. Nf3 Nc6 3. Bb5 a6 4. Ba4 Nf6 5. O-O Be7 6. d3 d6 7. c3 O-O 8. Nbd2
h6 9. Re1 Nh7 10. h3 Ng5 11. d4 exd4 12. cxd4 b5 13. Bb3 Na5 14. Bc2 c5 15. d5
Nxf3+ 16. Nxf3 Nc4 17. Qd3 Ne5 18. Nxe5 dxe5 19. Qg3 Qd6 20. a4 Bd7 21. b3 Rfb8
22. Bb2 Bf6 23. axb5 axb5 24. Rxa8 Rxa8 25. Ra1 Rxa1+ 26. Bxa1 h5 27. Bb2 h4
28. Qc3 Qb6 29. Bd3 Qa7 30. Bc1 b4 31. Qb2 Qa5 32. Be3 Bb5 33. Bxb5 Qxb5 34.
Qa2 Qd3 35. Bxc5 Qxe4 36. Qd2 Qb1+ 37. Kh2 e4 38. Qf4 Qd3 39. Bxb4 Qxd5 40. Qe3
Bd4 41. Qd2 Qe5+ 42. Kh1 f5 43. Qe2 Ba7 44. Qd2 Bb8 45. Kg1 Kh7 46. Kf1 Qa1+
47. Qe1 Qd4 48. Qd2 Qa1+ 49. Qe1 Qe5 50. Qe2 g6 51. Qd2 Qb5+ 52. Kg1 Be5 53.
Bc3 f4 1/2-1/2

[Event "Asian Open Men"]
[Site "Ho Chi Minh"]
[Date "2012.05.10"]
[Round "6"]
[Board "25"]
[White "Ma, Qun"]
[Black "Djuraev, Sokhib"]
[Result "1-0"]
[WhiteElo "2481"]
[BlackElo "2375"]
[PlyCount "79"]
[EventDate "2012.05.05"]
[EventRounds "9"]
[EventCountry "VIE"]

1. e4 g6 2. d4 Bg7 3. Nf3 d6 4. Bc4 c6 5. Bb3 Nf6 6. Nc3 O-O 7. O-O Bg4 8. h3
Bxf3 9. Qxf3 Nbd7 10. Bg5 e5 11. Rad1 h6 12. Bh4 Qe8 13. dxe5 Nxe5 14. Qe3 g5
15. Bg3 Nh5 16. Rxd6 Nxg3 17. Qxg3 Qe7 18. Rdd1 Rad8 19. Qe3 b6 20. g3 Rxd1 21.
Rxd1 Rd8 22. Kg2 h5 23. Rxd8+ Qxd8 24. f4 gxf4 25. gxf4 Ng6 26. e5 Bh6 27. Ne2
Kg7 28. Kf3 Qd1 29. Ke4 Kf8 30. Qd3 Qh1+ 31. Qf3 Qe1 32. Qxh5 Bxf4 33. Bxf7
Nxe5 34. Bb3 Bh2 35. Kf5 Qd2 36. Qh8+ Ke7 37. Qh4+ Ke8 38. Nd4 Nd7 39. Nxc6 Qd6
40. Qd8# 1-0

[Event "Asian Open Men"]
[Site "Ho Chi Minh"]
[Date "2012.05.10"]
[Round "6"]
[Board "28"]
[White "Tu, Hoang Thai"]
[Black "Irwanto, Sadikin"]
[Result "1/2-1/2"]
[WhiteElo "2295"]
[BlackElo "2419"]
[PlyCount "61"]
[EventDate "2012.05.05"]
[EventRounds "9"]
[EventCountry "VIE"]

1. e4 e5 2. Nf3 Nc6 3. Bc4 Nf6 4. d3 Be7 5. O-O O-O 6. Nc3 d6 7. h3 Na5 8. Bb3
h6 9. d4 exd4 10. Qxd4 Re8 11. Re1 Bf8 12. Bf4 Be6 13. Bxe6 Rxe6 14. Rad1 Nc6
15. Qc4 Qe8 16. Nd5 Rc8 17. Nxf6+ Rxf6 18. e5 dxe5 19. Nxe5 Nxe5 20. Bxe5 Re6
21. Bc3 Rxe1+ 22. Rxe1 Qd7 23. Qd4 Qxd4 24. Bxd4 a6 25. Kf1 f6 26. Bc3 Kf7 27.
Re3 Bd6 28. Ke2 h5 29. Re4 f5 30. Re3 g6 31. Kf3 1/2-1/2

[Event "Asian Open Men"]
[Site "Ho Chi Minh"]
[Date "2012.05.10"]
[Round "6"]
[Board "29"]
[White "Farid, Firman Syah"]
[Black "Garcia, Jan Emmanuel"]
[Result "1-0"]
[WhiteElo "2285"]
[BlackElo "2399"]
[PlyCount "91"]
[EventDate "2012.05.05"]
[EventRounds "9"]
[EventCountry "VIE"]

1. e4 c5 2. Nf3 g6 3. d4 cxd4 4. Qxd4 Nf6 5. Bb5 Nc6 6. Bxc6 bxc6 7. e5 Nd5 8.
O-O Bg7 9. Qh4 f6 10. Bh6 O-O 11. c4 Nc7 12. Nc3 d6 13. Bxg7 Kxg7 14. Rad1 fxe5
15. Nxe5 Qe8 16. Nf3 Ne6 17. Rfe1 Rf4 18. Qg3 Qf7 19. c5 Nxc5 20. Rxe7 Qxe7 21.
Qxf4 Nb7 22. Re1 Qf6 23. Qe4 Nd8 24. Qe8 Be6 25. Ne4 Qf8 26. Qxf8+ Kxf8 27.
Nxd6 Ke7 28. Nc4 Kf6 29. Ncd2 Bd5 30. b3 Ne6 31. Ne5 a5 32. Ndc4 Bxc4 33. Nxc4
Ra7 34. Nb6 Rb7 35. Na4 Rb4 36. Rc1 Rd4 37. g3 Rd6 38. Nc5 Nd4 39. Kg2 Rd5 40.
Rc4 Kf5 41. Na4 Ne6 42. Rxc6 Rd2 43. Nc3 Rc2 44. h4 h6 45. Nd5 Re2 46. g4+ 1-0

[Event "Asian Open Men"]
[Site "Ho Chi Minh"]
[Date "2012.05.10"]
[Round "6"]
[Board "30"]
[White "Ton, That Nhu Tung"]
[Black "Torre, Eugenio"]
[Result "1/2-1/2"]
[WhiteElo "2144"]
[BlackElo "2496"]
[PlyCount "93"]
[EventDate "2012.05.05"]
[EventRounds "9"]
[EventCountry "VIE"]

1. d4 Nf6 2. Nf3 e6 3. c4 Nc6 4. g3 Bb4+ 5. Bd2 Qe7 6. a3 Bxd2+ 7. Qxd2 d5 8.
Bg2 O-O 9. Qc2 Rd8 10. O-O a5 11. Nbd2 a4 12. Rfc1 Bd7 13. e3 Rdc8 14. Ne5 Na5
15. c5 Be8 16. Nd3 Bb5 17. Bf1 Qe8 18. f3 Nd7 19. Nb4 Bxf1 20. Rxf1 Nf6 21. f4
b5 22. e4 dxe4 23. Nxe4 Nxe4 24. Qxe4 Nc4 25. Rf2 c6 26. Rd1 Rc7 27. Re2 Qd7
28. Rd3 Rd8 29. Kf2 Na5 30. Re1 Qc8 31. Red1 Rdd7 32. g4 Qd8 33. g5 Qf8 34. Rh3
g6 35. Rhd3 Qg7 36. h4 h5 37. Re1 Rc8 38. Red1 Kh7 39. Qe1 Nc4 40. Qc3 f6 41.
Rf3 fxg5 42. hxg5 Qf7 43. Re1 Qf5 44. Re2 Kg8 45. Re1 Kh7 46. Re2 Kg8 47. Re1
1/2-1/2

[Event "Asian Open Men"]
[Site "Ho Chi Minh"]
[Date "2012.05.10"]
[Round "6"]
[Board "31"]
[White "Wahono, Awam"]
[Black "Li, Hanbin"]
[Result "1-0"]
[WhiteElo "2405"]
[BlackElo "2289"]
[PlyCount "95"]
[EventDate "2012.05.05"]
[EventRounds "9"]
[EventCountry "VIE"]

1. d4 d5 2. c4 e5 3. e3 exd4 4. exd4 Nf6 5. Nf3 c6 6. Nc3 Bg4 7. Be3 Bd6 8.
cxd5 cxd5 9. h3 Be6 10. Bd3 Nc6 11. Rc1 O-O 12. O-O Qd7 13. Bb5 Bf5 14. Ne5 Qe6
15. f4 h5 16. Re1 Bb4 17. Bf2 Qd6 18. a3 Bxc3 19. Rxc3 Ne4 20. Rc1 Nxe5 21.
fxe5 Qg6 22. Qb3 Qb6 23. Be3 Rfd8 24. Rf1 Bg6 25. Ba4 Ng3 26. Rfe1 Be4 27. Qxb6
axb6 28. Bb5 Rdc8 29. Kf2 Nf5 30. g4 hxg4 31. hxg4 Nxe3 32. Kxe3 Bc2 33. Kd2
Bb3 34. Rc3 Rxc3 35. Kxc3 Ba4 36. Kb4 Bc2 37. Rc1 Be4 38. Rc7 Rb8 39. Bd7 Bd3
40. Bb5 Be4 41. Be2 Ra8 42. a4 f6 43. exf6 gxf6 44. b3 f5 45. gxf5 Bxf5 46.
Rxb7 Re8 47. Bf3 Be4 48. Bh5 1-0

[Event "Asian Open Men"]
[Site "Ho Chi Minh"]
[Date "2012.05.10"]
[Round "6"]
[Board "33"]
[White "Sonjaya, Deni"]
[Black "Qu, Yanqiao"]
[Result "1-0"]
[WhiteElo "2321"]
[BlackElo "2159"]
[PlyCount "101"]
[EventDate "2012.05.05"]
[EventRounds "9"]
[EventCountry "VIE"]

1. e4 c5 2. Nf3 e6 3. d4 cxd4 4. Nxd4 a6 5. Bd3 Qc7 6. O-O Nf6 7. Qe2 d6 8. c4
Be7 9. Nc3 O-O 10. Kh1 Nc6 11. Be3 Ne5 12. f4 Nxd3 13. Qxd3 Bd7 14. Rac1 Rac8
15. b3 Rfd8 16. Bg1 Qa5 17. a4 Bf8 18. f5 Re8 19. Rf3 Qb4 20. Qb1 Qa5 21. Rcf1
Be7 22. Rh3 Qe5 23. Qe1 Qa5 24. Qd1 Bd8 25. Qb1 Qe5 26. Qc2 Ba5 27. fxe6 fxe6
28. Nde2 Bxc3 29. Nxc3 Bc6 30. Re3 Rf8 31. Rd1 Rcd8 32. b4 Be8 33. h3 Qh5 34.
Red3 Bg6 35. Rxd6 Rde8 36. Re1 Qh4 37. Qf2 Qh5 38. Qf3 Qg5 39. Qe3 Qh5 40. Bh2
e5 41. c5 Rf7 42. Qg3 Ref8 43. Qxe5 Qh6 44. Qe6 Kh8 45. Rdd1 Nh5 46. Nd5 Qg5
47. Qg4 Qh6 48. Qh4 Rf2 49. Ne3 Bxe4 50. Qxe4 Ng3+ 51. Bxg3 1-0

[Event "Asian Open Men"]
[Site "Ho Chi Minh"]
[Date "2012.05.10"]
[Round "6"]
[Board "34"]
[White "Tan, Weiliang"]
[Black "Bao, Khoa"]
[Result "1-0"]
[WhiteElo "2222"]
[BlackElo "2257"]
[PlyCount "119"]
[EventDate "2012.05.05"]
[EventRounds "9"]
[EventCountry "VIE"]

1. e4 c5 2. Nf3 e6 3. d4 cxd4 4. Nxd4 a6 5. Bd3 Bc5 6. Nb3 Ba7 7. Qg4 Nf6 8.
Qg3 d6 9. Nc3 O-O 10. O-O Nc6 11. Be2 Qe7 12. Bf4 Rd8 13. Rfd1 Bb8 14. Rd2 b5
15. a3 Ra7 16. Rad1 Rad7 17. Nd4 Nxd4 18. Rxd4 e5 19. Bh6 Qf8 20. R4d2 Bb7 21.
Bg5 Qe7 22. Qh4 h6 23. Bxf6 Qxf6 24. Qxf6 gxf6 25. Nd5 Bxd5 26. Rxd5 Kf8 27.
R1d3 Rc7 28. c3 Ke7 29. Rh3 Rh8 30. Bd1 Rc4 31. Re3 Ba7 32. Re2 Rb8 33. Bb3 Rc5
34. Red2 Rxd5 35. Bxd5 a5 36. Kf1 b4 37. axb4 axb4 38. cxb4 Rxb4 39. b3 f5 40.
exf5 Rf4 41. g3 Rxf5 42. Ra2 Bc5 43. f3 Rg5 44. Ra8 f5 45. Rh8 h5 46. Rh7+ Kf6
47. Kg2 f4 48. Rf7+ Kg6 49. Rb7 fxg3 50. h4 Rf5 51. Be4 d5 52. Bxf5+ Kxf5 53.
Rb5 Be7 54. Rxd5 Bxh4 55. b4 Be7 56. b5 Ke6 57. Rd1 Bc5 58. Kxg3 Kf5 59. Rc1
Be3 60. Rc6 1-0

[Event "Asian Open Men"]
[Site "Ho Chi Minh"]
[Date "2012.05.10"]
[Round "6"]
[Board "35"]
[White "Ferdiman, Tersiman"]
[Black "Tran, Tuan Minh"]
[Result "0-1"]
[WhiteElo "2009"]
[BlackElo "2266"]
[PlyCount "78"]
[EventDate "2012.05.05"]
[EventRounds "9"]
[EventCountry "VIE"]

1. e4 e6 2. d4 d5 3. Nc3 Bb4 4. e5 b6 5. a3 Bxc3+ 6. bxc3 Qd7 7. a4 Ba6 8. Bd3
Ne7 9. Nf3 c5 10. O-O h6 11. Ba3 Qc6 12. Re1 O-O 13. Nh4 Bxd3 14. Qxd3 Nd7 15.
f4 f5 16. exf6 Nxf6 17. c4 Ne4 18. g3 Nf5 19. Ng6 Rfe8 20. Ne5 Qb7 21. c3 cxd4
22. cxd4 Rac8 23. a5 b5 24. c5 Ne7 25. a6 Qxa6 26. Bb2 Qb7 27. Ra5 a6 28. Rea1
Nc6 29. R5a3 Nxe5 30. fxe5 Ra8 31. Qe2 Rf8 32. Qg4 Rf5 33. Bc1 Kh7 34. Be3 b4
35. Rb3 a5 36. Rab1 Qb5 37. h4 h5 38. Qh3 a4 39. Rxb4 Qe2 0-1

[Event "Asian Open Men"]
[Site "Ho Chi Minh"]
[Date "2012.05.11"]
[Round "7"]
[Board "3"]
[White "Barbosa, Oliver"]
[Black "Lu, Shanglei"]
[Result "1-0"]
[WhiteElo "2550"]
[BlackElo "2522"]
[PlyCount "103"]
[EventDate "2012.05.05"]
[EventRounds "9"]
[EventCountry "VIE"]

1. d4 f5 2. Nf3 Nf6 3. c4 g6 4. g3 Bg7 5. Bg2 O-O 6. O-O d6 7. Nc3 c6 8. Rb1
Na6 9. b4 Nc7 10. d5 e5 11. dxc6 bxc6 12. Qa4 Bd7 13. Rd1 e4 14. Nd4 Ng4 15.
Qb3 Ne6 16. Nc2 Qe7 17. a4 a5 18. b5 Nc5 19. Qa3 f4 20. bxc6 fxg3 21. fxg3 Bxc6
22. Ne3 Ne5 23. Nb5 Nf3+ 24. Kh1 Be5 25. Ng4 Nxh2 26. Nxh2 Rf2 27. Qe3 Raf8 28.
Bb2 Nd3 29. Bxe5 Qxe5 30. Rf1 R8f3 31. exf3 exf3 32. Qxf2 Nxf2+ 33. Rxf2 fxg2+
34. Kg1 Qxg3 35. Nd4 Be4 36. Rb8+ Kg7 37. Re8 Qh4 38. Ne6+ Kh6 39. Nd8 Bf5 40.
Nf7+ Kg7 41. Nxd6 Bh3 42. Re3 Qh5 43. Rff3 Qc5 44. Ne8+ Kg8 45. Rxh3 Qxc4 46.
Rhf3 h5 47. Nf6+ Kg7 48. Re7+ Kh6 49. Kxg2 Qc2+ 50. Kg3 Qc4 51. Rf4 Qc3+ 52.
Nf3 1-0

[Event "Asian Open Men"]
[Site "Ho Chi Minh"]
[Date "2012.05.11"]
[Round "7"]
[Board "4"]
[White "Gomez, John Paul"]
[Black "Salem, A R  Saleh"]
[Result "0-1"]
[WhiteElo "2507"]
[BlackElo "2528"]
[PlyCount "38"]
[EventDate "2012.05.05"]
[EventRounds "9"]
[EventCountry "VIE"]

1. d4 Nf6 2. c4 g6 3. Nc3 d5 4. Nf3 Bg7 5. Qa4+ Bd7 6. Qb3 dxc4 7. Qxc4 O-O 8.
Bf4 Bf5 9. Qxc7 Nc6 10. Qxd8 Rfxd8 11. e3 Nb4 12. Kd2 Ng4 13. Bc7 Nxf2 14. Bxd8
Rxd8 15. Rg1 Bh6 16. Ne5 Ng4 17. Nxg4 Rxd4+ 18. Ke1 Nc2+ 19. Kf2 Rxg4 0-1

[Event "Asian Open Men"]
[Site "Ho Chi Minh"]
[Date "2012.05.11"]
[Round "7"]
[Board "7"]
[White "Nguyen, Ngoc Truong Son"]
[Black "Wan, Yunguo"]
[Result "1/2-1/2"]
[WhiteElo "2656"]
[BlackElo "2456"]
[PlyCount "119"]
[EventDate "2012.05.05"]
[EventRounds "9"]
[EventCountry "VIE"]

1. d4 Nf6 2. c4 g6 3. Nc3 Bg7 4. e4 d6 5. Nf3 O-O 6. h3 e5 7. d5 a5 8. Bg5 Na6
9. g4 c6 10. Be2 Bd7 11. Nd2 Qb8 12. Be3 cxd5 13. exd5 Nc5 14. g5 Ne8 15. Nde4
Nxe4 16. Nxe4 b5 17. c5 Bf5 18. Ng3 dxc5 19. Bxc5 Nd6 20. Bg4 Bxg4 21. hxg4 Rc8
22. Be3 e4 23. Bd4 Bxd4 24. Qxd4 Rc2 25. O-O Qc8 26. Qf6 Qc5 27. Qf4 Re8 28.
Rae1 Rc4 29. Qe3 Qxd5 30. Rd1 Qe6 31. Qf4 e3 32. Qxd6 e2 33. Nxe2 Qxd6 34. Rxd6
Rxe2 35. Kg2 Rxb2 36. Kg3 Rxa2 37. Rd8+ Kg7 38. Re1 h6 39. gxh6+ Kxh6 40. Rd7
Raa4 41. f3 Rf4 42. Rd5 g5 43. Rxb5 f6 44. Re3 Rfb4 45. Rxb4 axb4 46. Re7 b3
47. Rb7 Ra3 48. Kg2 Ra2+ 49. Kg3 Rb2 50. Kh3 Rb1 51. Kg2 Kg6 52. Kh2 b2 53. Kg2
Kh6 54. Rb8 Kg7 55. Rb7+ Kf8 56. Rb8+ Ke7 57. Rb7+ Kd6 58. Rb8 Kd5 59. Rd8+ Kc6
60. Rb8 1/2-1/2

[Event "Asian Open Men"]
[Site "Ho Chi Minh"]
[Date "2012.05.11"]
[Round "7"]
[Board "10"]
[White "Xiu, Deshun"]
[Black "Ghaem, Maghami Ehsan"]
[Result "1/2-1/2"]
[WhiteElo "2494"]
[BlackElo "2579"]
[PlyCount "78"]
[EventDate "2012.05.05"]
[EventRounds "9"]
[EventCountry "VIE"]

1. c4 Nf6 2. Nc3 e5 3. Nf3 Nc6 4. g3 d5 5. cxd5 Nxd5 6. Bg2 Nb6 7. O-O Be7 8.
d3 O-O 9. a3 Be6 10. b4 a5 11. b5 Nd4 12. Bb2 f6 13. Nd2 a4 14. Bxb7 Ra5 15.
Rb1 Qd7 16. Nc4 Nxc4 17. dxc4 Bxc4 18. e3 Bb3 19. Qe1 Ra7 20. exd4 Rxb7 21.
dxe5 c6 22. exf6 Rxf6 23. Qe5 Qe6 24. Qh5 cxb5 25. Nxb5 g6 26. Qh6 Rxb5 27.
Rfe1 Qf5 28. Bxf6 Qxf6 29. Rbc1 Rc5 30. h4 Bf8 31. Re8 Rxc1+ 32. Qxc1 Qf7 33.
Qc6 Qc4 34. Qd6 Qf7 35. Qc6 Qf5 36. Qa8 Qb1+ 37. Kg2 Qf5 38. Kg1 Qb1+ 39. Kg2
Qf5 1/2-1/2

[Event "Asian Open Men"]
[Site "Ho Chi Minh"]
[Date "2012.05.11"]
[Round "7"]
[Board "11"]
[White "Wen, Yang"]
[Black "Dao, Thien Hai"]
[Result "1-0"]
[WhiteElo "2550"]
[BlackElo "2514"]
[PlyCount "125"]
[EventDate "2012.05.05"]
[EventRounds "9"]
[EventCountry "VIE"]

1. d4 d5 2. c4 c6 3. Nf3 Nf6 4. Nc3 dxc4 5. a4 Bf5 6. Nh4 Bc8 7. e3 e5 8. Bxc4
exd4 9. exd4 Be7 10. O-O O-O 11. Re1 Na6 12. Bg5 Nc7 13. Nf3 Be6 14. Bd3 Ncd5
15. Rc1 Re8 16. Bb1 Nxc3 17. bxc3 Ba3 18. Rc2 h6 19. Bxf6 Qxf6 20. Rce2 Bd6 21.
Qd3 g6 22. Nd2 Qg7 23. Ba2 Bd7 24. Ne4 Be7 25. Qg3 Red8 26. h4 Bf8 27. Qf4 Bf5
28. Ng3 Bd7 29. h5 g5 30. Qf3 Re8 31. Nf5 Rxe2 32. Rxe2 Qf6 33. Nxh6+ Kg7 34.
Nxf7 Qxf3 35. gxf3 Re8 36. h6+ Kg6 37. Ne5+ Kxh6 38. f4 gxf4 39. f3 Re7 40.
Rh2+ Kg5 41. Rg2+ Kh6 42. Nf7+ Kh5 43. Rg5+ Kh4 44. Rg8 Rxf7 45. Bxf7 Ba3 46.
Rd8 Bf5 47. Kh2 Kg5 48. d5 cxd5 49. Bxd5 b6 50. Kg2 a5 51. Kf2 Bb2 52. Be4 Bh3
53. Rd5+ Kf6 54. Rd6+ Ke5 55. Rxb6 Bxc3 56. Ke2 Bb4 57. Rb5+ Kd4 58. Bf5 Bxf5
59. Rxf5 Kc4 60. Rxf4+ Kb3 61. Kd3 Kxa4 62. Kc4 Ka3 63. Re4 1-0

[Event "Asian Open Men"]
[Site "Ho Chi Minh"]
[Date "2012.05.11"]
[Round "7"]
[Board "13"]
[White "Wang, Chen"]
[Black "Megaranto, Susanto"]
[Result "1/2-1/2"]
[WhiteElo "2482"]
[BlackElo "2517"]
[PlyCount "71"]
[EventDate "2012.05.05"]
[EventRounds "9"]
[EventCountry "VIE"]

1. e4 g6 2. d4 Bg7 3. Nf3 d6 4. Be2 Nf6 5. e5 Nd5 6. O-O O-O 7. c4 Nb6 8. exd6
cxd6 9. Nc3 Bg4 10. Be3 Nc6 11. b3 d5 12. c5 Nc8 13. b4 e6 14. Ne5 Nxe5 15.
Bxg4 Nc4 16. Be2 Nxe3 17. fxe3 Ne7 18. Qd3 e5 19. dxe5 Bxe5 20. Rad1 a5 21.
Nxd5 Nxd5 22. Qxd5 Qc7 23. b5 Rad8 24. Qc4 Bxh2+ 25. Kh1 Be5 26. Rxd8 Rxd8 27.
Rd1 Rxd1+ 28. Bxd1 b6 29. c6 Qe7 30. Kg1 Kg7 31. Kf2 h5 32. Bf3 Kh6 33. Qe4 f5
34. Qc4 h4 35. Qd5 Qg7 36. Qd7 1/2-1/2